Name the singer by their album cover #1 - Statistics

General Stats
  • This quiz has been taken 84 times
  • The average score is 10 of 12
Answer Stats
Picture Answer % Correct
Adele
99%
Taylor Swift
99%
Justin Bieber
95%
Rihanna
95%
Sabrina Carpenter
95%
Britney Spears
89%
Lady Gaga
88%
Beyoncé
85%
The Weeknd
77%
Travis Scott
71%
Billie Eilish
70%
Miley Cyrus
68%
No matching quizzes found
Score Distribution
Percent of People with Each Score
Percentile by Number Answered
Your Score History
You have not taken this quiz